Word Ladder: Three German Cities Quiz Stats

 Plays Quiz Updated Aug 20, 2016

Challenge
Share
Tweet
Embed
Score 0/12 Timer 01:30
2 Plays Today
Clue 4-Letter Word % Correct
007BOND
97.1%
Curve in the roadBEND
92.3%
To cause deathKILL
91.4%
Texting buttonSEND
89.7%
Perceive by touchFEEL
88.5%
Ceramics ovenKILN
87.2%
Provide sustenance forFEED
85.4%
That which is sownSEED
84.7%
🌍 Capital of Schleswig-Holstein 🌍🌍 KIEL 🌍
80.1%
Bottom of a ship's hullKEEL
79%
🌍 Ludwig van Beethoven's birthplace 🌍🌍 BONN 🌍
74.3%
🌍 German name of 'Cologne' 🌍🌍 KÖLN 🌍
71.7%

Today's Daily Dose

You're not logged in!

Compare scores with friends on all Sporcle quizzes.
OR
Log In

You Might Also Like...

Show Comments

Extras

Top Quizzes Today


Score Distribution

Your Account Isn't Verified!

In order to create a playlist on Sporcle, you need to verify the email address you used during registration. Go to your Sporcle Settings to finish the process.

Report this User

Report this user for behavior that violates our Community Guidelines.

Details: